[Event "4. Oeffinger Open 2013"]
[Site "Oeffingen"]
[Date "2013.05.17"]
[Round "1.5"]
[White "Gabriel, Josef"]
[Black "Pelezki, Juri"]
[Result "1-0"]
[WhiteElo "2060"]
[BlackElo "1623"]
[PlyCount "49"]
[EventDate "2013.??.??"]

1. e4 e5 2. Bc4 Bc5 3. Nf3 d6 4. d4 exd4 5. Nxd4 Bxd4 6. Qxd4 Qf6 7. Qe3 Nc6 8.
O-O Ne5 9. Be2 Be6 10. Nc3 Ne7 11. Nb5 O-O 12. Nxc7 Rac8 13. Nxe6 fxe6 14. Qb3
Rc7 15. f4 N5c6 16. c3 Kh8 17. e5 Qg6 18. exd6 Rd7 19. dxe7 Nxe7 20. Bf3 Nf5
21. Be4 Qg4 22. Qxe6 Ne3 23. Qxg4 Nxg4 24. b3 Rfd8 25. Bf5 1-0

[Event "4. Oeffinger Open 2013"]
[Site "Oeffingen"]
[Date "2013.05.17"]
[Round "1.8"]
[White "Gheng, Hannelore"]
[Black "Spieker, Michael"]
[Result "0-1"]
[WhiteElo "1610"]
[BlackElo "1985"]
[PlyCount "48"]
[EventDate "2013.??.??"]

1. e4 c5 2. Nf3 Nc6 3. d4 cxd4 4. Nxd4 Nf6 5. Nc3 e5 6. Ndb5 d6 7. Nd5 Nxd5 8.
exd5 Nb8 9. Bd3 a6 10. Nc3 Be7 11. O-O f5 12. f4 e4 13. Nxe4 fxe4 14. Bxe4 Qb6+
15. Kh1 Nd7 16. Qg4 Nf6 17. Qxg7 Rg8 18. Qh6 Nxe4 19. Qxh7 Nf6 20. Qh4 Bf5 21.
Re1 Be4 22. Re2 Qb5 23. Qe1 Qxd5 24. Qf1 Qh5 0-1

[Event "4. Oeffinger Open 2013"]
[Site "Oeffingen"]
[Date "2013.05.17"]
[Round "1.3"]
[White "Holzhäuer, Mathias"]
[Black "Pudmensky, Stefan"]
[Result "1-0"]
[WhiteElo "2204"]
[BlackElo "1715"]
[PlyCount "75"]
[EventDate "2013.??.??"]

1. e4 c5 2. Nc3 Nc6 3. Bb5 d6 4. Bxc6+ bxc6 5. d3 Nf6 6. f4 Bg4 7. Nf3 e6 8. h3
Bxf3 9. Qxf3 Rc8 10. O-O Be7 11. b3 O-O 12. Bd2 Nd7 13. Rae1 Bf6 14. Nd1 Bd4+
15. Kh1 g6 16. f5 Qh4 17. c3 Be5 18. Ne3 Bg3 19. Rd1 Ne5 20. Qe2 Bf4 21. d4 Nd7
22. Ng4 Bxd2 23. Rxd2 exf5 24. exf5 Rce8 25. Qf3 Re1 26. Rdf2 Rxf1+ 27. Rxf1 h5
28. Nf2 d5 29. dxc5 Nxc5 30. Qe3 Ne4 31. Nxe4 Qxe4 32. Qh6 gxf5 33. Qg5+ Kh7
34. Qxh5+ Kg7 35. Qg5+ Kh7 36. Rf4 Qe1+ 37. Kh2 Qe5 38. Qg3 1-0

[Event "4. Oeffinger Open 2013"]
[Site "Oeffingen"]
[Date "2013.05.17"]
[Round "1.6"]
[White "Dr. Michna, Marcus"]
[Black "Meschke, Andreas"]
[Result "0-1"]
[WhiteElo "1616"]
[BlackElo "2058"]
[PlyCount "86"]
[EventDate "2013.??.??"]

1. d4 d5 2. e4 dxe4 3. Nc3 Nf6 4. f3 Bf5 5. g4 Bg6 6. g5 Ng8 7. fxe4 e5 8. d5
Bb4 9. Qf3 h6 10. h4 hxg5 11. hxg5 Rxh1 12. Qxh1 c6 13. Be3 Qa5 14. Nge2 cxd5
15. Qh8 Kf8 16. exd5 Bxc2 17. Rc1 Bf5 18. Bh3 Bxh3 19. Qxh3 Na6 20. Kf1 Bc5 21.
Ne4 b6 22. Qd7 Ne7 23. Bxc5 bxc5 24. N2c3 Qb4 25. Rc2 Qc4+ 26. Ke1 Nb4 27. Rh2
Ng6 28. Qd6+ Kg8 29. Qd7 Qd4 30. Qh3 Nxd5 31. Nxd5 Qxe4+ 32. Ne3 Rd8 33. Rd2
Qb4 34. Nf1 Nf4 35. Qg3 Qe4+ 36. Kf2 Rxd2+ 37. Nxd2 Qe2+ 38. Kg1 Qd1+ 39. Kf2
Qxd2+ 40. Kf1 Qxb2 41. Qf3 Qb1+ 42. Kf2 Qxa2+ 43. Kg3 Qg2+ 0-1

[Event "4. Oeffinger Open 2013"]
[Site "Oeffingen"]
[Date "2013.05.17"]
[Round "1.2"]
[White "Schreiber, Stephan"]
[Black "Schnepp, Gunnar"]
[Result "0-1"]
[WhiteElo "1737"]
[BlackElo "2245"]
[PlyCount "66"]
[EventDate "2013.??.??"]

1. d4 Nf6 2. Bf4 b6 3. e3 Bb7 4. h3 g6 5. Nf3 Bg7 6. Be2 O-O 7. Nbd2 d6 8. c3
Nbd7 9. O-O Nd5 10. Bh2 e5 11. dxe5 dxe5 12. Qc2 a5 13. Rad1 Qe7 14. Bc4 Kh8
15. Nb3 N5f6 16. Qe2 a4 17. Nc1 Ra5 18. a3 Ne4 19. Nd3 Nxc3 20. bxc3 e4 21. Nd4
exd3 22. Qxd3 Nc5 23. Qc2 Ne4 24. Nb5 Ba6 25. Qd3 Bxb5 26. Bxb5 Nxc3 27. Qd7
Qxd7 28. Bxd7 Nxd1 29. Rxd1 Be5 30. f4 Bd6 31. Rd3 Kg7 32. e4 Rd8 33. Bc6 Bc5+
0-1

[Event "4. Oeffinger Open 2013"]
[Site "Oeffingen"]
[Date "2013.05.17"]
[Round "1.7"]
[White "Rempeli, Alex"]
[Black "Meinecke, Klaus-Hinrich"]
[Result "1-0"]
[WhiteElo "2015"]
[BlackElo "1614"]
[PlyCount "121"]
[EventDate "2013.??.??"]

1. d4 Nf6 2. c4 e6 3. Nc3 d5 4. Nf3 Nbd7 5. c5 a5 6. Bf4 Nh5 7. Bg5 Be7 8. Bxe7
Qxe7 9. Nb5 Nb8 10. Ne5 O-O 11. e3 Nf6 12. Bd3 Ne4 13. Bxe4 dxe4 14. O-O f6 15.
Nc4 Nc6 16. Qg4 f5 17. Qg3 Rf7 18. f3 exf3 19. Qxf3 g6 20. Rac1 Ra6 21. Rfd1
Nb4 22. Nc3 g5 23. e4 Nc6 24. exf5 Rxf5 25. Qe3 h6 26. Qe4 Kg7 27. Rf1 Qf6 28.
d5 Qd4+ 29. Qxd4+ Nxd4 30. Rfd1 exd5 31. Ne3 Re5 32. Nexd5 Rxd5 33. Nxd5 Ne2+
34. Kf2 Nxc1 35. Rxc1 Rc6 36. Ke3 b6 37. Kd4 bxc5+ 38. Rxc5 Bb7 39. g3 Kf7 40.
Rxc6 Bxc6 41. Nxc7 a4 42. b4 axb3 43. axb3 Kf6 44. b4 Kf5 45. Ke3 Kg4 46. Kf2
Kh3 47. Kg1 Kg4 48. b5 Bb7 49. Ne6 h5 50. Nc5 Bd5 51. b6 h4 52. Kf2 Kh3 53.
gxh4 gxh4 54. Kg1 Kg4 55. b7 Bxb7 56. Nxb7 Kf3 57. Nd6 Kg4 58. Kg2 h3+ 59. Kf2
Kf4 60. Nc4 Kg4 61. Ke3 1-0

[Event "4. Oeffinger Open 2013"]
[Site "Oeffingen"]
[Date "2013.05.17"]
[Round "1.4"]
[White "Fischer, Johann"]
[Black "Vaysberg, Alexander"]
[Result "0-1"]
[WhiteElo "1676"]
[BlackElo "2058"]
[PlyCount "174"]
[EventDate "2013.??.??"]

1. e4 d5 2. e5 a6 3. d4 c5 4. c3 Nc6 5. Nf3 Bg4 6. Be2 Bxf3 7. Bxf3 e6 8. Be3
Qb6 9. Qd2 cxd4 10. cxd4 Bb4 11. Nc3 Na5 12. Be2 Ne7 13. O-O Qc6 14. Rac1 Nc4
15. Bxc4 dxc4 16. Qe2 Bxc3 17. bxc3 O-O 18. Rfe1 Nd5 19. Bd2 b5 20. Qg4 Kh8 21.
f4 g6 22. Rf1 b4 23. Rf3 Qb6 24. Rh3 bxc3 25. Qh4 h5 26. Bxc3 Nxc3 27. Rhxc3
Qxd4+ 28. Kh1 Rac8 29. h3 Rfd8 30. Kh2 Qe4 31. Rxc4 Rxc4 32. Qxd8+ Kh7 33. Rxc4
Qxc4 34. Qf6 Kg8 35. Qd8+ Kg7 36. Qf6+ Kf8 37. Qd8+ Kg7 38. Qf6+ Kg8 39. Qd8+
Kh7 40. Qf6 Qc7 41. a3 Kg8 42. h4 Kf8 43. g3 Ke8 44. Qg7 Qe7 45. a4 Kd7 46. Qh8
Qe8 47. Qh6 Kc7 48. a5 Kc6 49. f5 exf5 50. Qc1+ Kb7 51. Qc5 Qe6 52. Qb4+ Kc6
53. Qd4 Qb3 54. Qd6+ Kb7 55. Qd7+ Ka8 56. Qc8+ Ka7 57. Qc5+ Kb7 58. Qe7+ Kc8
59. Qc5+ Kb8 60. Qd6+ Ka7 61. Qc5+ Ka8 62. Qc8+ Ka7 63. Qc5+ Kb7 64. Qe7+ Kc6
65. Qd6+ Kb5 66. Qb6+ Ka4 67. Qxa6 Qb2+ 68. Kh3 Qxe5 69. Qc4+ Kxa5 70. Qxf7 Qe4
71. Qa2+ Kb4 72. Kh2 Kc3 73. Qa3+ Kd4 74. Qd6+ Ke3 75. Qxg6 Kf2 76. Qb6+ Qe3
77. Qb2+ Qe2 78. Qxe2+ Kxe2 79. Kg2 Ke3 80. Kg1 Kf3 81. Kh2 Kf2 82. Kh3 Kg1 83.
g4 fxg4+ 84. Kg3 Kh1 85. Kf4 Kh2 86. Kg5 g3 87. Kxh5 g2 0-1

[Event "4. Oeffinger Open 2013"]
[Site "Oeffingen"]
[Date "2013.05.18"]
[Round "2.2"]
[White "Schnepp, Gunnar"]
[Black "Kolb, Roland"]
[Result "1-0"]
[WhiteElo "2245"]
[BlackElo "1834"]
[PlyCount "41"]
[EventDate "2013.??.??"]

1. d4 c5 2. d5 e6 3. c4 exd5 4. cxd5 d6 5. Nc3 g6 6. e4 Bg7 7. Bd3 Ne7 8. Nge2
a6 9. a4 O-O 10. O-O f5 11. Bg5 h6 12. Bxe7 Qxe7 13. exf5 Bxf5 14. Bxf5 Rxf5
15. Qc2 Kh7 16. Ng3 Rf7 17. Rae1 Qg5 18. Re8 Re7 19. f4 Qh4 20. Nf5 Bd4+ 21.
Kh1 1-0

[Event "4. Oeffinger Open 2013"]
[Site "Oeffingen"]
[Date "2013.05.18"]
[Round "2.7"]
[White "Vrabac, Branko"]
[Black "Rempeli, Alex"]
[Result "1-0"]
[WhiteElo "1799"]
[BlackElo "2015"]
[PlyCount "59"]
[EventDate "2013.??.??"]

1. d4 Nf6 2. Nf3 g6 3. Bg5 Bg7 4. e3 O-O 5. Bd3 d5 6. Nbd2 c5 7. c3 Nc6 8. dxc5
Bg4 9. h3 Bxf3 10. gxf3 Nd7 11. Nb3 Re8 12. Bc2 Nde5 13. Qe2 Qc7 14. Bf4 a6 15.
Bg3 e6 16. h4 Na5 17. f4 Nec4 18. O-O-O Nxb3+ 19. axb3 Na5 20. f5 Qxc5 21. fxg6
Qb6 22. gxf7+ Kxf7 23. Qh5+ Kf8 24. Be5 Re7 25. Rhg1 Nxb3+ 26. Bxb3 Qxb3 27.
Qxh7 Qa4 28. Rxg7 Qa1+ 29. Kc2 Qa4+ 30. Kd2 1-0

[Event "4. Oeffinger Open 2013"]
[Site "Oeffingen"]
[Date "2013.05.18"]
[Round "2.6"]
[White "Meschke, Andreas"]
[Black "Zimmermann, Tobias"]
[Result "1-0"]
[WhiteElo "2058"]
[BlackElo "1793"]
[PlyCount "57"]
[EventDate "2013.??.??"]

1. e4 c5 2. Nf3 d6 3. Bc4 Nf6 4. c3 Nc6 5. Qe2 Qc7 6. h3 a6 7. d3 e6 8. O-O Be7
9. Bf4 O-O 10. Nbd2 b5 11. Bb3 Bb7 12. Bh2 Qb6 13. Rfe1 Rac8 14. Rad1 Na5 15.
Bc2 e5 16. Nf1 c4 17. d4 exd4 18. Nxd4 Rfe8 19. Nf5 d5 20. e5 Bc5 21. N1e3 Ne4
22. Bxe4 dxe4 23. Nd6 Bxd6 24. Rxd6 Qc5 25. Red1 g6 26. Ng4 Re6 27. Rxe6 fxe6
28. Nf6+ Kf8 29. Nd7+ 1-0

[Event "4. Oeffinger Open 2013"]
[Site "Oeffingen"]
[Date "2013.05.18"]
[Round "2.4"]
[White "Vaysberg, Alexander"]
[Black "Alber, Wilhelm"]
[Result "1/2-1/2"]
[WhiteElo "2058"]
[BlackElo "1818"]
[PlyCount "48"]
[EventDate "2013.??.??"]

1. e4 c6 2. d4 d5 3. e5 Bf5 4. Nf3 e6 5. Be2 Nd7 6. O-O c5 7. c4 dxc4 8. Na3
cxd4 9. Nxc4 b5 10. Nd6+ Bxd6 11. exd6 d3 12. Bxd3 Bxd3 13. Qxd3 Qb8 14. Bf4
Ngf6 15. h3 O-O 16. Rac1 Nd5 17. Bg3 Qb7 18. Nd4 a6 19. Nc6 N7b6 20. Rfd1 Rfc8
21. Na5 Qd7 22. b3 Rxc1 23. Rxc1 Rc8 24. Qd2 f6 1/2-1/2

[Event "4. Oeffinger Open 2013"]
[Site "Oeffingen"]
[Date "2013.05.18"]
[Round "2.5"]
[White "Morlock, Peter"]
[Black "Gabriel, Josef"]
[Result "0-1"]
[WhiteElo "1811"]
[BlackElo "2060"]
[PlyCount "86"]
[EventDate "2013.??.??"]

1. d4 Nf6 2. Nf3 c5 3. d5 d6 4. c4 g6 5. Nc3 Bg7 6. e4 O-O 7. Bd3 Na6 8. O-O
Nb4 9. Be2 b6 10. a3 Na6 11. h3 Nc7 12. Qc2 Bb7 13. Bg5 e5 14. Qd2 Qe8 15. Nh2
Nd7 16. Bh6 f5 17. Bxg7 Kxg7 18. f4 exf4 19. exf5 g5 20. Nf3 h6 21. Bd3 Nf6 22.
Rae1 Qf7 23. Ne4 Nxe4 24. Rxe4 Rae8 25. Rfe1 Bc8 26. Qc3+ Qf6 27. Re7+ Rxe7 28.
Rxe7+ Rf7 29. Qxf6+ Kxf6 30. Rxf7+ Kxf7 31. Nd2 Ne8 32. Ne4 Ke7 33. Nf2 Kf6 34.
Ng4+ Kg7 35. g3 h5 36. f6+ Nxf6 37. Nxf6 Kxf6 38. gxf4 Bxh3 39. fxg5+ Kxg5 40.
Kf2 Kf4 41. Be2 h4 42. Bd3 Bg4 43. Bf1 Ke4 0-1

[Event "4. Oeffinger Open 2013"]
[Site "Oeffingen"]
[Date "2013.05.18"]
[Round "2.3"]
[White "Philippin, Otto"]
[Black "Holzhäuer, Mathias"]
[Result "0-1"]
[WhiteElo "1819"]
[BlackElo "2204"]
[PlyCount "66"]
[EventDate "2013.??.??"]

1. f4 Nf6 2. b3 g6 3. Bb2 Bg7 4. Nf3 O-O 5. e3 d6 6. Be2 Nc6 7. Bb5 Bd7 8. O-O
e5 9. fxe5 Ng4 10. Qe2 Ngxe5 11. d4 Nxf3+ 12. Qxf3 Nxd4 13. Bxd4 Bxb5 14. c4
Bc6 15. Qf4 Qe7 16. Nc3 Rae8 17. Rae1 f5 18. Bxg7 Qxg7 19. Qd4 b6 20. Qxg7+
Kxg7 21. Kf2 Re5 22. g3 g5 23. Rd1 Kf7 24. Nd5 Rc8 25. g4 Ke6 26. Kg3 Bxd5 27.
gxf5+ Kf6 28. Rxd5 Rxe3+ 29. Rf3 Rce8 30. a3 h5 31. h3 R8e4 32. Rd3 h4+ 33. Kg2
Rxd3 0-1

[Event "4. Oeffinger Open 2013"]
[Site "Oeffingen"]
[Date "2013.05.18"]
[Round "2.8"]
[White "Spieker, Michael"]
[Black "Pelezki, Sergej"]
[Result "1-0"]
[WhiteElo "1985"]
[BlackElo "1787"]
[PlyCount "99"]
[EventDate "2013.??.??"]

1. e4 Nf6 2. Nc3 d5 3. e5 Nfd7 4. f4 e6 5. Nf3 c5 6. d4 Nc6 7. Ne2 cxd4 8.
Nexd4 Nxd4 9. Nxd4 Bc5 10. c3 O-O 11. Be3 a6 12. Bd3 Re8 13. O-O Nf8 14. Kh1
Bd7 15. Qf3 Bxd4 16. Bxd4 Bc6 17. Qg3 Bb5 18. Bxb5 axb5 19. Qd3 Qd7 20. a3 Qc6
21. f5 Qc4 22. Qg3 Qe2 23. f6 g6 24. Qf4 Qh5 25. g4 g5 26. gxh5 gxf4 27. Rg1+
Kh8 28. Rg7 h6 29. Rxf7 Nh7 30. h4 Rg8 31. Rg1 b4 32. Rg6 Raf8 33. Rxb7 Rb8 34.
Rxb8 Rxb8 35. axb4 Ra8 36. b5 Nf8 37. Rg7 Ra1+ 38. Rg1 Ra2 39. Rb1 Nd7 40. Kg2
Ra5 41. b6 Kg8 42. Kf3 Kf7 43. Rg1 Rb5 44. Rg7+ Ke8 45. Rg8+ Kf7 46. Rd8 Nf8
47. b4 Nh7 48. Rd7+ Kg8 49. Rg7+ Kh8 50. Ra7 1-0

[Event "4. Oeffinger Open 2013"]
[Site "Oeffingen"]
[Date "2013.05.18"]
[Round "3.8"]
[White "Alber, Wilhelm"]
[Black "Tölg, Wolfgang"]
[Result "1-0"]
[WhiteElo "1818"]
[BlackElo "1565"]
[PlyCount "35"]
[EventDate "2013.??.??"]

1. Nf3 d5 2. g3 c5 3. Bg2 Nc6 4. O-O e5 5. d3 f5 6. c4 d4 7. e3 e4 8. dxe4 fxe4
9. Nfd2 Nf6 10. Nxe4 dxe3 11. Bxe3 Nxe4 12. Bxe4 Nd4 13. Qh5+ Kd7 14. Nc3 Qf6
15. Rad1 g6 16. Bxd4 cxd4 17. Qb5+ Ke6 18. Bd5+ 1-0

[Event "4. Oeffinger Open 2013"]
[Site "Oeffingen"]
[Date "2013.05.18"]
[Round "3.2"]
[White "Pelezki, Eugen"]
[Black "Schnepp, Gunnar"]
[Result "0-1"]
[WhiteElo "1974"]
[BlackElo "2245"]
[PlyCount "110"]
[EventDate "2013.??.??"]

1. c4 c5 2. Nc3 Nf6 3. Nf3 d5 4. cxd5 Nxd5 5. d3 Nc6 6. g3 e5 7. Bg2 Nc7 8. O-O
Be7 9. Be3 Be6 10. Rc1 f6 11. Ne4 b6 12. Nfd2 Nd5 13. Qa4 Qd7 14. Bxc5 bxc5 15.
Nxc5 Bxc5 16. Rxc5 Nce7 17. Qa6 O-O 18. Rfc1 Rac8 19. a3 Rxc5 20. Rxc5 Rc8 21.
Ne4 f5 22. Rxc8+ Qxc8 23. Qxc8+ Bxc8 24. Nc5 Kf8 25. Kf1 Ke8 26. e4 Nc7 27. Ke2
Ne6 28. Na4 f4 29. Kd2 g5 30. Bf3 Nd4 31. Bd1 Ng8 32. Nc3 Nf6 33. gxf4 gxf4 34.
h4 Kf7 35. b4 Bg4 36. Ba4 Bd7 37. Bd1 Kg6 38. f3 Kh5 39. Ke1 Kxh4 40. Kf2 Kg5
41. a4 Kg6 42. Nb1 Kf7 43. Nd2 Be6 44. Nc4 Bxc4 45. dxc4 a5 46. bxa5 Nd7 47. a6
Nc6 48. a5 Nc5 49. Kg2 Nxa6 50. Kh3 Nxa5 51. Ba4 Nc5 52. Bb5 Kf6 53. Kg4 Nab3
54. Bc6 Nd4 55. Bd5 Kg6 0-1

[Event "4. Oeffinger Open 2013"]
[Site "Oeffingen"]
[Date "2013.05.18"]
[Round "3.3"]
[White "Holzhäuer, Mathias"]
[Black "Schaffert, Walter"]
[Result "1-0"]
[WhiteElo "2204"]
[BlackElo "1969"]
[PlyCount "71"]
[EventDate "2013.??.??"]

1. e4 d5 2. exd5 Nf6 3. c4 c6 4. d4 cxd5 5. Nc3 Nc6 6. Nf3 Bg4 7. cxd5 Nxd5 8.
Qb3 Bxf3 9. gxf3 e6 10. Qxb7 Nxd4 11. Bb5+ Nxb5 12. Qc6+ Ke7 13. Qxb5 Qd7 14.
Nxd5+ Qxd5 15. Bg5+ f6 16. Qxd5 exd5 17. Be3 Ke6 18. O-O-O Bb4 19. a3 Ba5 20.
b4 Bb6 21. Rhe1 Bxe3+ 22. Rxe3+ Kd6 23. Red3 Rhc8+ 24. Kb2 Rc7 25. Rxd5+ Ke6
26. f4 g6 27. f5+ gxf5 28. Ra5 Rg8 29. Re1+ Kf7 30. Rxf5 Rg2 31. h3 Kg6 32. Rf3
a5 33. Re6 axb4 34. Rexf6+ Kg7 35. axb4 Rb7 36. R6f4 1-0

[Event "4. Oeffinger Open 2013"]
[Site "Oeffingen"]
[Date "2013.05.18"]
[Round "3.4"]
[White "Gabriel, Josef"]
[Black "Vrabac, Branko"]
[Result "1-0"]
[WhiteElo "2060"]
[BlackElo "1799"]
[PlyCount "93"]
[EventDate "2013.??.??"]

1. e4 d5 2. exd5 Qxd5 3. Nc3 Qd6 4. Nf3 a6 5. Be2 Bg4 6. d4 c6 7. O-O Nf6 8. g3
h6 9. Bf4 Qd8 10. Re1 e6 11. a3 g5 12. Be5 Bd6 13. Bxf6 Qxf6 14. Ne5 Bf5 15.
Bh5 Bxe5 16. dxe5 Qe7 17. Ne4 Bxe4 18. Rxe4 Nd7 19. b4 O-O-O 20. Qe2 f5 21.
exf6 Qxf6 22. Re1 Nf8 23. c4 Qc3 24. Re3 Qd2 25. Qf3 Qd4 26. Re4 Qb2 27. Bg4
Kb8 28. R4e2 Qd4 29. Qe4 Qxe4 30. Rxe4 Re8 31. Bxe6 Nh7 32. Bf5 Rxe4 33. Rxe4
Nf6 34. Re6 Rf8 35. Bh3 Rf7 36. Kf1 Kc7 37. c5 g4 38. Bg2 h5 39. Ke2 Kd7 40.
Rd6+ Kc7 41. h4 Re7+ 42. Kd3 Nd7 43. Be4 a5 44. Rh6 axb4 45. axb4 Kd8 46. Rxh5
Rxe4 47. Kxe4 1-0

[Event "4. Oeffinger Open 2013"]
[Site "Oeffingen"]
[Date "2013.05.18"]
[Round "3.5"]
[White "Klaus, Dominik"]
[Black "Meschke, Andreas"]
[Result "1-0"]
[WhiteElo "1957"]
[BlackElo "2058"]
[PlyCount "119"]
[EventDate "2013.??.??"]

1. d4 d5 2. c4 dxc4 3. e3 e6 4. Bxc4 c5 5. Nf3 Nf6 6. O-O a6 7. Be2 Nbd7 8. b3
b6 9. Bb2 Bb7 10. Nbd2 cxd4 11. Bxd4 Be7 12. Nc4 O-O 13. Rc1 Rc8 14. Nce5 Ba3
15. Rc2 Be4 16. Bd3 Nc5 17. Bxe4 Ncxe4 18. Rxc8 Qxc8 19. Nc4 Bc5 20. Nxb6 Bxb6
21. Bxb6 Qb8 22. Qd4 h6 23. Ne5 Rc8 24. Nc4 Ng4 25. g3 Ngf6 26. Rd1 Ng5 27.
Qd8+ Kh7 28. Qd3+ g6 29. Bd8 Nf3+ 30. Kg2 Qa8 31. e4 Ne1+ 32. Rxe1 Rxd8 33. Qe2
Kg7 34. f3 g5 35. e5 Nd5 36. Nd6 g4 37. Qe4 gxf3+ 38. Qxf3 Rd7 39. Kh3 Kh7 40.
Nxf7 Qa7 41. Nd6 Rg7 42. Ne8 Qf7 43. Qxf7 Rxf7 44. Re2 Rf3 45. Kg4 Rf5 46. Nd6
Rg5+ 47. Kf3 Kg7 48. h4 Rg6 49. g4 Kf8 50. Rc2 Ke7 51. Rc8 Kd7 52. Ra8 Nc7 53.
Rh8 Kc6 54. h5 Rg5 55. Nf7 Rg7 56. Nxh6 Kd5 57. Rg8 Rh7 58. g5 Kxe5 59. Ng4+
Kd5 60. Nf6+ 1-0

[Event "4. Oeffinger Open 2013"]
[Site "Oeffingen"]
[Date "2013.05.18"]
[Round "3.7"]
[White "Engbrecht, Helmut"]
[Black "Koch, Martin"]
[Result "0-1"]
[WhiteElo "1899"]
[BlackElo "1876"]
[PlyCount "62"]
[EventDate "2013.??.??"]

1. e4 c5 2. Nc3 e6 3. Nf3 d6 4. d4 cxd4 5. Qxd4 a6 6. Be3 Nd7 7. Qd2 Ngf6 8.
Bd3 Qc7 9. Bf4 Be7 10. h3 O-O 11. g4 b5 12. O-O-O Bb7 13. Rhe1 Rac8 14. Nd4
Rfe8 15. Bg3 b4 16. Nb1 Nc5 17. f3 e5 18. Nb3 Nfd7 19. h4 a5 20. Bb5 Bc6 21.
Bxc6 Qxc6 22. Re3 a4 23. Nxc5 Nxc5 24. b3 Rc7 25. Kb2 Ra8 26. Qd5 Qa6 27. Rd2
axb3 28. axb3 Qa2+ 29. Kc1 Rca7 30. c4 Qxb1+ 31. Kxb1 Ra1+ 0-1

[Event "4. Oeffinger Open 2013"]
[Site "Oeffingen"]
[Date "2013.05.19"]
[Round "4.6"]
[White "Böhmler, Thomas"]
[Black "Rempeli, Alex"]
[Result "1/2-1/2"]
[WhiteElo "1788"]
[BlackElo "2015"]
[PlyCount "37"]
[EventDate "2013.??.??"]

1. d4 e6 2. c4 d5 3. Nc3 c5 4. cxd5 cxd4 5. Qxd4 Nc6 6. Qd1 exd5 7. e3 Nf6 8.
Nf3 Bd6 9. Be2 O-O 10. O-O a6 11. a3 Re8 12. b4 b5 13. Bb2 Bc7 14. Rc1 Qd6 15.
Qc2 Bb7 16. g3 Bb6 17. Rcd1 Rad8 18. Rd2 Qe6 19. Ng5 1/2-1/2

[Event "4. Oeffinger Open 2013"]
[Site "Oeffingen"]
[Date "2013.05.19"]
[Round "4.7"]
[White "Spieker, Michael"]
[Black "Erkic, Ratko"]
[Result "1-0"]
[WhiteElo "1985"]
[BlackElo "1779"]
[PlyCount "57"]
[EventDate "2013.??.??"]

1. e4 c5 2. Nf3 Nc6 3. d4 cxd4 4. Nxd4 e5 5. Nb5 d6 6. N1c3 a6 7. Na3 Nf6 8.
Bg5 h6 9. Bxf6 Qxf6 10. Nd5 Qd8 11. Nc4 Be6 12. Nce3 Be7 13. c3 O-O 14. Bd3 Bg5
15. O-O Bxe3 16. Nxe3 d5 17. exd5 Bxd5 18. Nxd5 Qa5 19. Ne3 Rad8 20. Qc2 Ne7
21. Rfd1 Qc7 22. Be4 b5 23. Nd5 Nxd5 24. Rxd5 g6 25. Rad1 f5 26. Qd2 Rc8 27.
Rd7 Qb6 28. Bd5+ Kh8 29. Qxh6# 1-0

[Event "4. Oeffinger Open 2013"]
[Site "Oeffingen"]
[Date "2013.05.19"]
[Round "4.8"]
[White "Vrabac, Branko"]
[Black "Pelezki, Eugen"]
[Result "1-0"]
[WhiteElo "1799"]
[BlackElo "2015"]
[PlyCount "97"]
[EventDate "2013.??.??"]

1. d4 Nf6 2. Nc3 d5 3. Bf4 Bg4 4. h3 Bh5 5. g4 Bg6 6. Bg2 e6 7. a3 Be7 8. Nf3
c5 9. e3 Nc6 10. Ne5 Rc8 11. h4 cxd4 12. exd4 Nxe5 13. Bxe5 h6 14. Bf1 Qb6 15.
Na4 Qa5+ 16. c3 Qd8 17. h5 Be4 18. f3 Bh7 19. g5 hxg5 20. h6 Kf8 21. hxg7+ Kxg7
22. f4 Bg6 23. Rg1 gxf4 24. Bd3 Bd6 25. Bxg6 fxg6 26. Qg4 Rh6 27. Qxf4 Bxe5 28.
Qxe5 Qc7 29. Qxc7+ Rxc7 30. Nc5 Re7 31. O-O-O b6 32. Nd3 Ne4 33. Ne5 b5 34. Rg2
g5 35. Rdg1 Rh5 36. Kc2 Rc7 37. Nd3 Kf6 38. Rf1+ Ke7 39. Ne5 Ke8 40. Kb3 Rh8
41. Kb4 a6 42. Ka5 Rg8 43. Kxa6 Nd6 44. Kb6 Rgg7 45. Rf6 Rb7+ 46. Kc6 Ke7 47.
Rg6 Rh7 48. R6xg5 Nf7 49. Nxf7 1-0

[Event "4. Oeffinger Open 2013"]
[Site "Oeffingen"]
[Date "2013.05.19"]
[Round "4.2"]
[White "Schnepp, Gunnar"]
[Black "Gabriel, Josef"]
[Result "1-0"]
[WhiteElo "2245"]
[BlackElo "2060"]
[PlyCount "81"]
[EventDate "2013.??.??"]

1. d4 Nf6 2. c4 g6 3. Nc3 Bg7 4. e4 d6 5. Be2 O-O 6. Nf3 e5 7. O-O Nc6 8. d5
Ne7 9. Nd2 Ne8 10. b4 f5 11. c5 Nf6 12. f3 Rf7 13. Nc4 f4 14. a4 g5 15. Ba3 Ng6
16. a5 Bf8 17. b5 Ne8 18. b6 axb6 19. axb6 dxc5 20. Qb3 Nd6 21. Kh1 Nxc4 22.
Bxc4 Bd6 23. bxc7 Rxc7 24. Nb5 Rd7 25. Nxd6 Rxd6 26. Bxc5 Rxa1 27. Rxa1 Rf6 28.
Ra8 Kg7 29. Qxb7+ Bxb7 30. Rxd8 Ba6 31. Rd7+ Kh6 32. Bb3 g4 33. fxg4 Bd3 34. h4
Nxh4 35. g5+ Kxg5 36. Be7 Kg6 37. Bxf6 Kxf6 38. d6 Bxe4 39. Rf7+ Kg5 40. d7
Bxg2+ 41. Kh2 1-0

[Event "4. Oeffinger Open 2013"]
[Site "Oeffingen"]
[Date "2013.05.19"]
[Round "4.3"]
[White "Vaysberg, Alexander"]
[Black "Klaus, Dominik"]
[Result "1-0"]
[WhiteElo "2058"]
[BlackElo "1957"]
[PlyCount "57"]
[EventDate "2013.??.??"]

1. e4 c5 2. Nc3 d6 3. f4 g6 4. Bc4 Nc6 5. Nf3 Bg7 6. O-O e6 7. d3 Nge7 8. Qe1
Nd4 9. Nxd4 cxd4 10. Ne2 O-O 11. Bb3 a5 12. a4 Bd7 13. Bd2 Nc6 14. g4 e5 15. f5
g5 16. h4 Bf6 17. Ng3 gxh4 18. Nh5 Bg5 19. f6 Bxd2 20. Qxd2 Kh8 21. Qh6 Rg8 22.
Ng7 Qf8 23. Qxh4 Ne7 24. Kf2 Ng6 25. Qh6 Bxg4 26. Rh1 Rxg7 27. Rag1 Be6 28.
Bxe6 fxe6 29. Rxg6 1-0

[Event "4. Oeffinger Open 2013"]
[Site "Oeffingen"]
[Date "2013.05.19"]
[Round "4.4"]
[White "Koch, Martin"]
[Black "Alber, Wilhelm"]
[Result "1-0"]
[WhiteElo "1876"]
[BlackElo "1818"]
[PlyCount "51"]
[EventDate "2013.??.??"]

1. e4 c6 2. d4 d5 3. exd5 cxd5 4. c4 Nf6 5. Nc3 e6 6. Nf3 Bb4 7. Bd3 dxc4 8.
Bxc4 O-O 9. O-O Qc7 10. Qe2 a6 11. Bg5 Be7 12. Rac1 Nc6 13. Rfd1 Bd7 14. d5
exd5 15. Bxf6 gxf6 16. Nxd5 Qd8 17. Rc3 Bc5 18. Qd2 Kg7 19. Qf4 Be6 20. Bb3 Bd6
21. Qh4 Bxd5 22. Rxd5 Qe7 23. Re3 Qc7 24. Red3 Rad8 25. Rxd6 Ne5 26. Qxf6+ 1-0

[Event "4. Oeffinger Open 2013"]
[Site "Oeffingen"]
[Date "2013.05.18"]
[Round "4.5"]
[White "Meschke, Andreas"]
[Black "Jantos, Stefan"]
[Result "1-0"]
[WhiteElo "2058"]
[BlackElo "1807"]
[PlyCount "45"]
[EventDate "2013.??.??"]

1. e4 {[%emt 0:00:00]} d5 2. exd5 Nf6 3. Bb5+ Bd7 4. Bc4 Bg4 5. f3 Bf5 6. Nc3
c6 7. dxc6 Nxc6 8. Nge2 e5 9. d3 Bc5 10. Ng3 Bg6 11. Nce4 Nxe4 12. fxe4 Qb6 13.
Rf1 O-O 14. c3 Kh8 15. Qe2 Ne7 16. Nf5 Bxf5 17. exf5 f6 18. Rf3 e4 19. dxe4 Qc6
20. Bd2 a6 21. O-O-O b5 22. Be6 a5 23. Rh3 1-0

[Event "4. Oeffinger Open 2013"]
[Site "Oeffingen"]
[Date "2013.05.19"]
[Round "5.1"]
[White "Cuenca Jimenez, Jose Fernando"]
[Black "Schnepp, Gunnar"]
[Result "1-0"]
[WhiteElo "2483"]
[BlackElo "2295"]
[PlyCount "65"]
[EventDate "2013.??.??"]

1. e4 c6 2. c4 Na6 3. Nf3 d6 4. d4 g6 5. Nc3 Bg7 6. Be2 Nf6 7. O-O O-O 8. Be3
Bg4 9. Rb1 e5 10. d5 c5 11. a3 Nh5 12. h3 Bd7 13. Qc1 Nc7 (13... f5 14. exf5
Bxf5 (14... gxf5 15. Nxe5 dxe5 16. Bxh5 f4 17. Bd2 Qg5)) 14. g4 Nf4 15. Bxf4
exf4 16. Qxf4 Qe7 17. Bd3 a6 18. Rfe1 Rfe8 19. Re2 b5 20. Rbe1 Be5 21. Nxe5
dxe5 22. Qe3 Reb8 23. Rd2 Qd6 24. b4 cxb4 25. c5 Qf6 26. axb4 a5 27. Na2 axb4
28. Nxb4 Ra3 29. Ra2 Rxa2 30. Nxa2 b4 31. Rb1 b3 32. Nc3 Rb4 33. d6 1-0